000 00799nam a22002297a 4500
005 20140814115730.0
010 _aB-497625-661 ENG-110402
020 _a9788131788660
_c250.00
035 _aB-497625-661
035 _aEN-93934
037 _bUBH/Ven
037 _bDBAD/PUB
082 _a000
100 _aThorpe, Edgar
245 _aThe Pearson concise general knowledge manual 2013 /
_cby Edgar Thorpe [and] Showick Thorpe
260 _aNew Delhi
_bDorling Kindersley
_c2013
270 _a11 Community Centre, Panchsheel Park
_bNew Delhi
_e110017
300 _avarious pagings :
_bill., maps
_c22cm(pbk)
700 _aThorpe, Showick
942 _2ddc
_cEN
_mTHO
_h000
999 _c74135
_d74135